Sports par lettre - T - Statistiques

Statistiques générales
  • Ce quiz a été pris 298 fois
  • Le résultat moyen est 4 sur 9
Statistiques - réponses
Réponse % Correct
Tennis
94%
Tennis de table
72%
Tir à l'arc
56%
Triathlon
47%
Taekwondo
40%
Tir à la carabine
27%
Trampoline
19%
Trottinette
9%
Triple saut
6%
Aucun quiz correspondant
Distribution des résultats
% des personnes avec chaque résultat
Percentile par nombre de réponses
Votre historique - résultats
Vous n’avez pas pris ce quiz